|
|
|
|
| LEADER |
00000cam a22000004a 4500 |
| 001 |
musev2_73783 |
| 003 |
MdBmJHUP |
| 005 |
20230905051633.0 |
| 006 |
m o d |
| 007 |
cr||||||||nn|n |
| 008 |
210129s2019 cc o 00 0 eng d |
| 020 |
|
|
|a 9789882377790
|
| 020 |
|
|
|z 9882370608
|
| 020 |
|
|
|z 9882377793
|
| 020 |
|
|
|z 9789882370609
|
| 035 |
|
|
|a (OCoLC)1155298382
|
| 040 |
|
|
|a MdBmJHUP
|c MdBmJHUP
|
| 100 |
1 |
|
|6 880-01
|a Huang, Weijia,
|d 1955-
|e author.
|
| 245 |
1 |
0 |
|a Learning Chinese Language and Culture :
|b Intermediate Chinese Textbook, Volume 1 /
|c by Weijia Huang & Qun Ao.
|
| 264 |
|
1 |
|a Hong Kong :
|b The Chinese University of Hong Kong Press,
|c 2019.
|
| 264 |
|
3 |
|a Baltimore, Md. :
|b Project MUSE,
|c 2021
|
| 264 |
|
4 |
|c ©2019.
|
| 300 |
|
|
|a 1 online resource (282 pages).
|
| 336 |
|
|
|a text
|b txt
|2 rdacontent
|
| 337 |
|
|
|a computer
|b c
|2 rdamedia
|
| 338 |
|
|
|a online resource
|b cr
|2 rdacarrier
|
| 546 |
|
|
|a "English, simplified & traditional Chinese"--Cover
|
| 588 |
|
|
|a Description based on print version record.
|
| 650 |
|
7 |
|a Civilization.
|2 fast
|0 (OCoLC)fst00862898
|
| 650 |
|
7 |
|a Chinese language.
|2 fast
|0 (OCoLC)fst00857383
|
| 650 |
|
0 |
|a Chinese language
|v Textbooks for English speakers.
|
| 651 |
|
7 |
|a China.
|2 fast
|0 (OCoLC)fst01206073
|
| 651 |
|
0 |
|a China
|x Civilization
|v Textbooks.
|
| 655 |
|
7 |
|a Textbooks
|v for English speakers.
|2 fast
|0 (OCoLC)fst01423865
|
| 655 |
|
7 |
|a Textbooks.
|2 fast
|0 (OCoLC)fst01423863
|
| 655 |
|
7 |
|a Electronic books.
|2 local
|
| 700 |
1 |
|
|a Ao, Qun,
|d 1955-
|e author.
|
| 710 |
2 |
|
|a Project Muse.
|e distributor
|
| 830 |
|
0 |
|a Book collections on Project MUSE.
|
| 880 |
3 |
|
|6 246-03/$1
|a 中級漢語課本
|
| 880 |
3 |
|
|6 246-02/$1
|a 學習漢語與文化 :
|b 中級漢語課本
|
| 880 |
1 |
|
|6 100-01/$1
|a 黃偉嘉,
|d 1955-
|e author.
|
| 856 |
4 |
0 |
|z Texto completo
|u https://projectmuse.uam.elogim.com/book/73783/
|
| 945 |
|
|
|a Project MUSE - Custom Collection
|
| 945 |
|
|
|a Project MUSE - 2019 Complete Supplement
|
| 945 |
|
|
|a Project MUSE - 2019 Language and Linguistics Supplement
|
| 945 |
|
|
|a Project MUSE - 2019 Asian and Pacific Studies Supplement
|